Latin American literary review
| Autor Corporativo: | |
|---|---|
| Formato: | Electrónico Revista |
| Lenguaje: | inglés |
| Publicado: |
Pittsburgh :
Dept. of Modern Languages, Carnegie-Mellon University,
1972-[2016]
Ithaca, NY : Dept. Comparative Literature, Cornell University |
| Materias: | |
| Acceso en línea: | Full text available from PRISMA Database with HAPI Index: 01/01/1997 to 01/31/2004 Full text available from Research Library: 01/01/1997 to 01/31/2004 |
MARC
| LEADER | 00000nas a2200000 a 4500 | ||
|---|---|---|---|
| 001 | ssj0007391 | ||
| 003 | WaSeSS | ||
| 005 | 20200512172242.0 | ||
| 006 | m d | ||
| 007 | cr n | ||
| 008 | 050614c19729999nyufr p s 0 a0eng c | ||
| 010 | |a 2009235213 | ||
| 022 | |a 2330-135X |y 0047-4134 | ||
| 035 | |a (WaSeSS)ssj0007391 | ||
| 040 | |a OCLCS |b eng |c OCLCS |d TXJ |d EYM |d HUL |d OCLCQ |d OCLCA |d OCLCQ |d OCLCA |d DLC |d OCLCF |d OCLCO |d OCLCQ |d TXA |d VT2 |d WaSeSS | ||
| 042 | |a pcc |a nsdp | ||
| 043 | |a cl----- | ||
| 050 | 1 | 4 | |a PQ7081.A1 |
| 082 | 0 | 0 | |a 860/.9 |2 23 |
| 222 | 0 | |a Latin American literary review |b (Online) | |
| 245 | 0 | 0 | |a Latin American literary review |h [electronic resource]. |
| 260 | |a Pittsburgh : |b Dept. of Modern Languages, Carnegie-Mellon University, |c 1972-[2016] | ||
| 260 | 3 | |3 <2016-> : |a Ithaca, NY : |b Dept. Comparative Literature, Cornell University | |
| 310 | |a Semiannual | ||
| 362 | 1 | |a Began with vol. 1, no. 1 (fall 1972). | |
| 506 | |a License restrictions may limit access. | ||
| 588 | |a Description based on: Vol. 1, no. 1 (fall 1972); title from cover (JSTOR, viewed Mar. 6, 2009). | ||
| 588 | |a Latest issue consulted: Volume 44, number 88 (2017). | ||
| 650 | 0 | |a Latin American literature |v Periodicals. | |
| 650 | 7 | |a Latin American literature. |2 fast |0 (OCoLC)fst00993031 | |
| 655 | 0 | |a Electronic journals. | |
| 710 | 2 | |a Carnegie-Mellon University. |b Department of Modern Languages. | |
| 776 | 0 | 8 | |i Print version, fall 1972-July/December 2017: |t Latin American literary review |x 0047-4134 |w (DLC) 73641025 |w (OCoLC)1784953 |
| 856 | 4 | 0 | |z Full text available from PRISMA Database with HAPI Index: 01/01/1997 to 01/31/2004 |u https://search.proquest.com/publication/3974 |
| 856 | 4 | 0 | |z Full text available from Research Library: 01/01/1997 to 01/31/2004 |u https://search.proquest.com/publication/37104 |